Lighting design for schools (Record no. 104136)

MARC details
000 -LEADER
fixed length control field 01032cam a2200217 4500
001 - CONTROL NUMBER
control field ##L129290
008 - FIXED-LENGTH DATA ELEMENTS--GENERAL INFORMATION
fixed length control field 050408n1999 000 0 eng u
020 ## - INTERNATIONAL STANDARD BOOK NUMBER
International Standard Book Number 0112710417
035 ## - SYSTEM CONTROL NUMBER
System control number (Sirsi) u129290
041 0# - LANGUAGE CODE
Language code of text/sound track or separate title eng
050 04 - LIBRARY OF CONGRESS CALL NUMBER
Classification number 725.54
-- 18
110 1# - MAIN ENTRY--CORPORATE NAME
Corporate name or jurisdiction name as entry element United Kingdom
Subordinate unit Department for Education and Employment: Architects and Building Branch
9 (RLIN) 4851
245 00 - TITLE STATEMENT
Title Lighting design for schools
260 ## - PUBLICATION, DISTRIBUTION, ETC.
Place of publication, distribution, etc. London
Name of publisher, distributor, etc. TSO
Date of publication, distribution, etc. 1999
300 ## - PHYSICAL DESCRIPTION
Extent 81p.
Dimensions 30cm.
350 ## - PRICE (NR) (BK AM CF MU VM SE) [OBSOLETE]
Price 22.95
490 ## - SERIES STATEMENT
Series statement DfEE Building Bulletin
Volume/sequential designation 90
520 ## - SUMMARY, ETC.
Summary, etc. Guides architects and engineers through the process of lighting design in the recommended constructional standards for schools and the variouis types of spaces and activities found in schools. Covers the components of lighting design, lighting options, lighting design guidance, lighting for particular applications and a check-list for lighting design. Glossary. Bibliography.
690 ## - LOCAL SUBJECT ADDED ENTRY--TOPICAL TERM (OCLC, RLIN)
Topical term or geographic name as entry element BUILT ENVIRONMENT-BUILDING TYPES-EDUCATIONAL, SCIENTIFIC AND INFORMATION FACILITIES
942 ## - ADDED ENTRY ELEMENTS (KOHA)
Suppress in OPAC 0
Holdings
Withdrawn status Lost status Source of classification or shelving scheme Damaged status Not for loan Home library Current library Shelving location Date acquired Cost, normal purchase price Total Checkouts Full call number Barcode Date last seen Copy number Cost, replacement price Price effective from Koha item type
    Dewey Decimal Classification     London London Folio 20/06/2005 22.95   F725.54 DFEE 30069907 06/08/2019 1 22.95 06/08/2019 Book